000 00888nam a22002537a 4500
999 _c5608
_d5608
003 AR-CdUCM
008 190312b ||||| |||| 00| 0 spa d
040 _aMUNICIPALIDAD PROVINCIAL DEL CUSCO
_cBIBLIOTECA MUNICIPAL DEL CUSCO
082 _a985.009 /
_bT68
245 _aFrancisco de Toledo; Conde de Lemos /
_bJosé A. del Busto D.; Jorge Rosales Aguirre
260 _aLima :
_bUniversitaria,
_c1964.
300 _a116 páginas ;
_c19 cm.
440 _aBiblioteca hombres del Perú
_n : XIII
_916780
440 _aSegunda serie.
_916781
500 _aDonación de la familia Nieto.
650 _aBiografías
_9148
650 _aFrancisco de Toledo
_916782
650 _aConde de Lemos
_916783
650 _aHombres del Perú - Biografías
_92160
700 _aBusto D., José A. del
_916784
700 _aRosales Aguirre, Jorge
_916785
942 _2ddc
_cLIBROS
945 _alccs